Normal view MARC view
  • Sistan Arbitration Mission, 1903-1905.

Entry Corporate Name

Number of records used in: 3

001 - CONTROL NUMBER

  • control field: 3941

003 - CONTROL NUMBER IDENTIFIER

  • control field: NUST

005 - DATE AND TIME OF LATEST TRANSACTION

  • control field: 20170817110439.0

008 - FIXED-LENGTH DATA ELEMENTS

  • fixed length control field: 170817|| aca||aabn | a|a d

040 ## - CATALOGING SOURCE

  • Original cataloging agency: NUST
  • Transcribing agency: NUST

110 ## - HEADING--CORPORATE NAME

  • Corporate name or jurisdiction name as entry element: Sistan Arbitration Mission, 1903-1905.

670 ## - SOURCE DATA FOUND

  • Source citation: Work cat.: (NUST)0: Tate, George Passman, 1856- 3940, The frontiers of Baluchistan :, 2003.
© 2023 Central Library, National University of Sciences and Technology. All Rights Reserved.